000 00872nam a2200205 i 4500
001 27899
003 ES-MaACL
005 20260202063013.0
007 t|
008 030115m18361837sp ||||1| spa d
100 1 _aBalbi, Adriano,
_d1782-1848
_924843
245 1 0 _aCompendio de Geografía Universal
_b: redactado bajo un nuevo plan con presencia de los últimos tratados de paz y los descubrimientos mas recientes /
_cpor Adrian Balbi ; tradúcelo del francés con varias notas y considerablemente aumentada y corregida en la parte de España Sebastian Fabregas.
260 _aMadrid :
_b[s.n.],
_c1836-1837 (
_fEmilio Fernández de Angulo)
300 _a3 v. ;
_c21 cm.
650 0 7 _aGeografía
_2embne
_913070
651 4 _aEspaña-
_xGeografía.
_98200
700 1 _aFábregas, Sebastián.
_948555
852 _aES-MaACL
_jC-617-19
999 _c27899
_d27899